000 00193nam a2200085Ia 4500
008 120527s9999 xx 000 0 und d
100 _aSlack & Lewis
245 _aOperations strategy
942 _cBK
999 _c27253
_d27253